ध्वनियों का रहस्यमय संसार (Record no. 3533)
[ view plain ]
| 000 -LEADER | |
|---|---|
| fixed length control field | 01027 a2200217 4500 |
| 005 - DATE AND TIME OF LATEST TRANSACTION | |
| control field | 20080911155226.0 |
| 008 - FIXED-LENGTH DATA ELEMENTS--GENERAL INFORMATION | |
| fixed length control field | 080911t xxu||||| |||| 00| 0 hin d |
| 010 ## - LCCN (DPL NO) | |
| LC control number | HIN-79734 |
| 020 ## - INTERNATIONAL STANDARD BOOK NUMBER | |
| International Standard Book Number | 818525608x |
| Terms of availability | 175.00 |
| 035 ## - SYSTEM CONTROL NUMBER | |
| System control number | HN-52080 |
| 037 ## - SOURCE OF ACQUISITION | |
| Source of stock number/acquisition | D.B.Act / pub |
| 082 ## - DEWEY DECIMAL CLASSIFICATION NUMBER | |
| Classification number | 534 |
| 100 ## - MAIN ENTRY--PERSONAL NAME | |
| Personal name | शर्मा, अशोक कुमार |
| 245 ## - TITLE STATEMENT | |
| Title | ध्वनियों का रहस्यमय संसार |
| Statement of responsibility, etc | अशोक कुमार शर्मा |
| 246 ## - VARYING FORM OF TITLE | |
| Title proper/short title | Dhwaniyon ka rahasymay sansaar |
| Remainder of title | by Ashok Kumar Sharma |
| 260 ## - PUBLICATION, DISTRIBUTION, ETC. (IMPRINT) | |
| Place of publication, distribution, etc | दिल्ली |
| Name of publisher, distributor, etc | विद्यार्थी प्रकाशन |
| Date of publication, distribution, etc | 2006 |
| 270 ## - ADDRESS | |
| Address | के-71, कृष्णनगर |
| City | दिल्ली |
| Postal code | 110051 |
| 300 ## - PHYSICAL DESCRIPTION | |
| Extent | 111पृ |
| Dimensions | 22 सेमी (सजिल्द) |
| 942 ## - ADDED ENTRY ELEMENTS (KOHA) | |
| Institution code [OBSOLETE] | dpl |
| Item type | Hindi Books |
| Call number prefix | 534 / शर्माअ |
| Source of classification or shelving scheme | Dewey Decimal Classification |
| Classification part | 534 |
| Call number suffix | शर्माअ |
| Withdrawn status | Lost status | Damaged status | Not for loan | Home library | Current library | Date acquired | Cost, normal purchase price | Total Checkouts | Full call number | Barcode | Date last seen | Copy number | Cost, replacement price | Koha item type |
|---|---|---|---|---|---|---|---|---|---|---|---|---|---|---|
| D.B.Act.Division | D.B.Act.Division | 11/09/2008 | 175.00 | 534 शर्माअ | HN-52080 | 15/09/2008 | 1 | 175.00 | Hindi Books |
